00814 2200205 4500001002100000005001700021008004100038035002500079082000800104090001800112100001500130245015900145260008500304300004200389500007500431500003000506650004200536850001200578990001800590YOGYA-0209000007178320150429112451.0 ind  a0010-020900000071783 a351 aSK 351bPur K aPURBIYANTO aKetertiban administrasi oleh pemerintah desa dalam melaksanakan administrasi umum di desa Bokoharjo, kecamatan Prambanan Kabupaten Slemancoleh Purbiyanto aYogyakartabFakultas keguruan dan ilmu pendidikan Universitas Cokroaminotoc1996 axi, 62 [10] lembar :bilus. ;c29 cm. aSkripsi Fakultas keguruan dan ilmu pendidikan Universitas Cokroaminoto aBibiografi : lembar 61-62 aPemerintahan Desa - Administrasi Umum aYOPDYOG a35767-PD/A.08